Представление документа в формате RUSMARC

ПолеНазваниеЗначение
  Тип записи a
  Библиографический уровень a
001 Контрольный номер RU/CBS_UL/BASE/666381025
005 Дата корректировки 20240209175258.7
100 Данные общей обработки __
a Данные общей обработки 20210211d2021 ||| 0rusy0189 ca
101 Язык документа 0_
a Язык текста rus
102 Страна публикации __
a Страна публикации RU
105 Кодированные данные (монография) __
a Кодированные данные (монография) y###||||000|y
181 Поле кодированных данных: вид содержания _1
a Код вида содержания (ISBD) i#
b Код характеристики содержания (ISBD) #xxe##
d i
g x
h x
i e
2 Код системы (источник кода, отличный от ISBD) isbdcontent
182 Поле кодированных данных: тип средства _1
a Код типа средства (ISBD) n
2 Код системы (источник кода, отличный от ISBD) isbdmedia
200 Заглавие и сведения об ответственности 1_
a Заглавие "Возьмите меч мой..."
b Общее обозначение материала Текст
e Сведения, относящиеся к заглавию [к 80-летию скульптора В.М. Клыкова]
f Первые сведения об ответственности Н.В. Дмитриева
w Текст (визуальный) : непосредственный
203 Вид содержания и тип средства __
a Вид содержания Текст
b Характеристика содержания визуальный
c Тип средства непосредственный
333 Примечание о целевом назначении __
a Примечание о целевом назначении 16+
461 Уровень набора _0
1 2000
a Русский дом
463 Уровень физической единицы _0
1 001RU/CBS_UL/BASE/666100057
1 2000
a № 10
v С. 18-19
1 210
d 2019
600 Персоналии _0
a Персоналии (Фамилия) Клыков
b Персоналии (Имя, инициалы) В.М.
606 Тематические рубрики 0_
a Основная рубрика Скульпторы - Россия - 20 - 21 вв.
610 Ключевые слова 0_
a Ключевые слова скульпторы русские
a Ключевые слова современные скульптуры
a Ключевые слова русские скульпторы
686 Индексы других классификаций __
a Классификационный индекс 85.133(2)
2 Код системы rubbk
700 Автор _1
a Фамилия Дмитриева
b Имя (инициалы) Н.В.
801 Источник записи _0
a Страна RU
b Организация МБУК ЦБС г. Ульяновска
c Дата составления 20210211
g Правила каталогизации RCR
801 Источник записи _1
a Страна RU
b Организация МБУК ЦБС г. Ульяновска
c Дата составления 20210211
g Правила каталогизации RCR
901 Тип документа __
t Тип документа b
w Контрольный № источника RU/CBS_UL/BASE/666100057
910 Корректоры записи __
a Корректор записи Библиотека 28
938 Служебная информация __
a Имя БД period